| 000 | 00620nam a2200217Ia 4500 | ||
|---|---|---|---|
| 001 | 4397 | ||
| 003 | GE_BSU | ||
| 008 | 181216s||||||||xx |||||||||||||| ||und|| | ||
| 040 | _cGE_BSU | ||
| 080 | _a621.396.67(075.8) | ||
| 100 | _aКочержевский, Г.Н. | ||
| 245 | _aАнтенно-фидерные устройства. | ||
| 245 | _cРед. Г.И. Вейцман. | ||
| 260 | _aМ. | ||
| 260 | _bСвязь. | ||
| 260 | _c1968. | ||
| 300 | _a482 стр. 21 см. Библиогр.:стр.477-480. | ||
| 541 | _h20 л. | ||
| 653 | _aАнтенно-фидерные устройства. | ||
| 942 | _cBK | ||
| 999 |
_c38387 _d38387 |
||